| 000 | 00356nam a2200145Ia 4500 | ||
|---|---|---|---|
| 008 | 180730s9999||||xx |||||||||||||| ||und|| | ||
| 020 | _a9788125916512 | ||
| 082 |
_a330 _bDWI/P |
||
| 100 | _aDwivedi, D. N. | ||
| 245 | 0 | _aPrinciples of ECONOMICS | |
| 250 | _a2nd | ||
| 260 |
_aNoida _bVikas Publishing House Pvt. Ltd. _c2018 |
||
| 300 | _a625 | ||
| 942 | _cBK | ||
| 999 |
_c1856 _d1856 |
||